Comdex computer course kit : windows vista with office 2007 (Record no. 211655)

MARC details
000 -LEADER
fixed length control field 00468nam a2200169Ia 4500
008 - FIXED-LENGTH DATA ELEMENTS--GENERAL INFORMATION
fixed length control field 231221s9999 xx 000 0 und d
020 ## - INTERNATIONAL STANDARD BOOK NUMBER
International Standard Book Number 9790000000000
041 ## - LANGUAGE CODE
Language code of text/sound track or separate title English
082 ## - DEWEY DECIMAL CLASSIFICATION NUMBER
Classification number 001.6424 GUP;1
100 ## - MAIN ENTRY--PERSONAL NAME
Personal name Gupta, Vikas.
245 #0 - TITLE STATEMENT
Title Comdex computer course kit : windows vista with office 2007
260 ## - PUBLICATION, DISTRIBUTION, ETC.
Date of publication, distribution, etc. 2010
Name of publisher, distributor, etc. Dreamtech
Place of publication, distribution, etc. New Delhi
300 ## - PHYSICAL DESCRIPTION
Extent xii, 579
300 ## - PHYSICAL DESCRIPTION
Dimensions 61259
650 ## - SUBJECT ADDED ENTRY--TOPICAL TERM
Topical term or geographic name entry element Comdex,computer,windows,vista,office,2007
942 ## - ADDED ENTRY ELEMENTS (KOHA)
Koha item type Compact Disks
Holdings
Date last seen Total checkouts Full call number Accession number Price effective from Category Lost status Damaged status Department Withdrawn status Home library Current library Shelving location Entry date Vendor Grants Billnumber Billdate Currency symbol Conversion rate Discount Old discount
26/01/2024   001.6424 GUP;1 CD4681 26/01/2024 Compact Disks     Central Library   Central Library Central Library Central Library   Royal Biblioman CS RB-071 25/02/2014 RS 1    
26/01/2024   001.6424 GUP;2 CD4682 26/01/2024 Compact Disks     Central Library   Central Library Central Library Central Library   Royal Biblioman CS RB-071 25/02/2014 RS 1    
26/01/2024   001.6424 GUP;3 CD4683 26/01/2024 Compact Disks     Central Library   Central Library Central Library Central Library   Royal Biblioman CS RB-071 25/02/2014 RS 1    
26/01/2024   001.6424 GUP;4 CD4684 26/01/2024 Compact Disks     Central Library   Central Library Central Library Central Library   Royal Biblioman CS RB-071 25/02/2014 RS 1    
26/01/2024   001.6424 GUP;5 CD4685 26/01/2024 Compact Disks     Central Library   Central Library Central Library Central Library   Royal Biblioman CS RB-071 25/02/2014 RS 1    

© For any Suggestions or Query, please contact the library staff @ librarian@pes.edu or Phone: +9180 2672 1983/ 2108.